000 00248nam a2200097Ia 4500
008 240331s9999 xx 000 0 und d
082 _bPAR
100 _aParthasarathy, I
245 0 _aIruthi aattam :
_badaptation of Shakespear's Kings Lear
942 _cL
999 _c3693
_d3693